Kỹ thuật nuôi Tôm sú, Tôm càng xanh, Ba ba

Cuốn sách này giúp cho ai muốn nuôi tôm, nuôi ba ba có chút tài liệu để tham khảo thêm, hầu giúp cho việc chăn nuôi của mình, có kết quả như ý muốn.

সংরক্ষণ করুন:
গ্রন্থ-পঞ্জীর বিবরন
প্রধান লেখক: Việt, Chương
বিন্যাস: গ্রন্থ
ভাষা:Undetermined
প্রকাশিত: Thành phố Hồ Chí Minh Tổng hợp Thành phố Hồ Chí Minh 2008
বিষয়গুলি:
ট্যাগগুলো: ট্যাগ যুক্ত করুন
কোনো ট্যাগ নেই, প্রথমজন হিসাবে ট্যাগ করুন!
Thư viện lưu trữ: Trung tâm Học liệu Trường Đại học Cần Thơ
LEADER 00876nam a2200205Ia 4500
001 CTU_133739
008 210402s9999 xx 000 0 und d
020 |c 12000 
082 |a 639.6 
082 |b V308 
100 |a Việt, Chương 
245 0 |a Kỹ thuật nuôi Tôm sú, Tôm càng xanh, Ba ba 
245 0 |c Việt Chương 
260 |a Thành phố Hồ Chí Minh 
260 |b Tổng hợp Thành phố Hồ Chí Minh 
260 |c 2008 
520 |a Cuốn sách này giúp cho ai muốn nuôi tôm, nuôi ba ba có chút tài liệu để tham khảo thêm, hầu giúp cho việc chăn nuôi của mình, có kết quả như ý muốn. 
650 |a Shrimps,Shrimp culture,Fish-culture,Nuôi tôm,Turtle culture 
904 |i Giang 
980 |a Trung tâm Học liệu Trường Đại học Cần Thơ